| 000 | 01112nam a22003737a 4500 | ||
|---|---|---|---|
| 001 | 197766 | ||
| 003 | ES-MaACL | ||
| 005 | 20260601124622.0 | ||
| 007 | ta | ||
| 008 | 250730b sp ||||| |||| 00| 0 spa d | ||
| 010 | 0 | _a$b0 $c20250505 $od | |
| 017 |
_aM 24785-2024 $b _bOficina Depósito Legal Madrid |
||
| 022 | 0 |
_2$2_u _a3045-9370 |
|
| 040 |
_aSpMaBN _b$spa _cpMaBN _e$erda |
||
| 080 | _a329.12 | ||
| 240 | 3 | _aLa Huella liberal | |
| 245 | 0 | 3 | _aLa Huella liberal |
| 260 | 1 |
_aMadrid 92 . _bLiberales/Sistemas Globales Corporativos, S.L _c[2024]- |
|
| 300 |
_avolúmenes _c47 cm |
||
| 306 | _aMensual | ||
| 336 |
_2rdacontent _atexto |
||
| 337 |
_2rdamedia _asin mediación |
||
| 338 |
_2rdacarrier _avolumen |
||
| 362 | 0 | _aNúmero 1 (30-10-2024)- | |
| 500 | _aTítulo tomado de la cabecera | ||
| 650 | 7 |
_2embne _aLiberalismo _yS.XXI Siglo 21 _zEspaña _9241454 |
|
| 752 | _aEspaña | ||
| 760 | _bMadrid (Comunidad Autónoma | ||
| 852 |
_cHEM _aES-MaACL _jHEM-3011 _b197766 |
||
| 866 | _o2025-2026 | ||
| 942 |
_2udc _n0 |
||
| 955 | _bVerónica Torres Díaz | ||
| 999 |
_c197766 _d197766 |
||